Luz e sombra (Record no. 16350)

MARC details
000 -Etiqueta do registo
Valores 00448nam a2200169 4500
100 ## - Dados gerais de processamento
Dados gerais 20250701 pory50
200 ## - Titulo e menção de responsabilidade
Título próprio Luz e sombra
Primeira menção de responsabilidade Leigh Bardugo
Outras menções de responsabilidade trad. de Raquel Dutra Lopes
206 ## - Dados cartográficos
Menção dos dados 1ª ed.
210 ## - Publicação
Local de publicação Alfragide
Nome do editor Asa
Data de publicação 2013
215 ## - Descrição física 
Paginação / Volumes 300,[10] p.
Dimensões 22 cm
225 ## - Colecção 
Título próprio da colecção 1000 mundos
Número de parte ou secção 1
300 ## - Notas gerais 
Texto da nota Triologia Grisha
606 ## - Nome comum usado como assunto
ID Autoridade 176
Palavra de ordem Literatura Fantástica
801 ## - Fonte de origem
País PT
Agência BMA
Regras de catalogação RPC
990 ## - Elementos KOHA
Tipo de documento Livro
Holdings
Situação do levantamento Estado Número Biblioteca de origem Código de barras Cota Permissão de empréstimo Tipo de documento Forma de aquisição
    BMA Biblioteca Municipal do Alandroal 16800/21 821.111(73)-312.9 bar   Livro Oferta

Powered by Koha